000 01213nam a2200217Ia 4500
003 Ost
005 20260416102358.0
008 260416s9999||||xx |||||||||||||| ||und||
040 _cfsecg
041 _aara
082 _a336
100 _aالبرود،أم الخير
_eمؤلف
245 0 _aمقياس المالية العامة :
_bمطبوعة مقدمة لطلبة السنة الثانية شعبة العلوم المالية و المحاسبية السداسي الرابع /
_cأم الخير البرود
260 _aالجزائر
_bجامعة الجزائر3: كلية العلوم الإقتصادية، العلوم التجارية وعلوم التسيير
_c2021
300 _a109 ورقة
_bايضاحات
_c30 سم
504 _aمراجع ص.104
520 _aنشأة و تطور المالية العامة و علاقتها بالعلوم الأخرى ، النفقات العامة و الايرادات العامة ، الميزانية العامة .
653 _aالمالية العامة
710 _aجامعة الجزائر3: كلية العلوم الإقتصادية، العلوم التجارية وعلوم التسيير
_eناشر علمي
942 _cHANDOUT
999 _c41306
_d41306